000 02903nam0a22004691 4500
001 RU\NLR\A1\26464
005 20260408064007.0
035 _a(NLR Aleph) 009680783
090 _a9701062
_c9701062
100 _a19991020d1792 m y0rusy50 ca
101 0 _arus
102 _aRU
135 _acrcn 024anaba
140 _ay y aayaa0000
200 1 _aОда на заключение мира между Россиею и Отоманскою Портою в Яссах декабря 29 дня 1791 года,
_fсочиненная двора ея императорскаго величества камерпажем Иваном Янковичем де Мириево
210 _aВо граде св. Петра
_cпечатана у Брейткопфа
_d1792
215 _a[6] с.
_d
316 _aЭкз. РНБ (18.168.4.41) в составном. картон. пер. обтянутом тканью желтого цвета. На корешке ткань повреждена. Оба форзаца из золотой бумаги. Обрез золотой. На верхней крышке пер. наклейка с зубчатыми краями с цифрой: "250.". На нижней крышке пер. экслибрис рус. фонда ГПБ с шифром. На форзаце ярлык с шифром РНБ и ярлык со старым шифром. Размер 20,9х12,7х0,4 см.
_5NLR: 18.168.4.41
317 _aВ экз. РНБ (18.168.4.41) на форзаце под ярлыком с шифром РНБ экслибрис Эрмитаж. б-ки (Богомолов 17894).
_5NLR: 18.168.4.41
321 1 _aСК XVIII 8766
325 _aКопия доступна в Электрон. б-ке РНБ
620 _dСанкт-Петербург
700 1 _aЯнкович де Мириево
_bИ.Ф.
_f-1811
_gИван Федорович
_4070
702 1 _4610
_7ca
_8rus
_aБрейткопф
_bФ. И.
_f1749-1820
_gФедор Иванович
_9183064
_3RU\NLR\AUTH\770183115
712 0 2 _4610
_aБрейткопф, типография
_cПетербург
_3RU\NLR\AUTH\8810039155
_9577217
801 0 _aRU
_bNLR
_c19991020
852 _aNLR
_j18.168.4.41
856 0 _uhttp://vivaldi.nlr.ru/bx700000121/view
856 1 _uhttp://vivaldi.nlr.ru/bx700000121/cover
856 2 _uhttp://vivaldi.nlr.ru/bx700000121/text
899 _aБАН
899 _aМГУ
942 _cBOOK
980 _aNB
980 3 _akpcivil
980 3 _akp
980 _aA1XVIIIv
981 2 0 _a(20) Книжные памятники РНБ
_b(20) Русский книжный фонд